000 01671cam a22002415a 4500
001 L149234
008 100209s2008 xxk f 000 0 eng d
035 _a(Sirsi) u149234
041 0 _aeng
050 0 4 _a338.4369 $2 18
100 1 _aMawhinney, Mark
245 0 0 _aInternational construction
_h[electronic resource]
260 _a[S.l.]
_bWiley-Blackwell
_c2008
300 _aeBook
505 2 _aKnowledge is Power -- The Tools of the Trade -- Key Factors in Operating and Sustaining a Business -- The Global Market and Competitive Advantage -- Building Materials and Construction Equipment -- Consultant Case Studies -- Contractor Case Studies -- Project Funding -- Hints and Signposts
520 _aA recent construction project in Singapore had Russian plane, a Japanese management team, Australian and Italian engineers, Thai steel workers and a labour force from throughout Asia... The recent growth explosion of multi-nationals and the lowering of trade barriers is pushing the globalization of construction on at a starting pace. Mark Mawhinney has brought together here for the first time advice, information and evidence on this developing arena - from a wide range of sources. This book offers a clear understanding of the international construction market together with an explanation of what knowledge is rewired to operate successfully in it and a familiarity with some of the analytical tools available.
590 _aka
650 2 4 _aEBOOK
651 4 _aInternational
690 _aBUILT ENVIRONMENT-CONSTRUCTION MARKET
856 4 8 _uhttps://www.vlebooks.com/
_zView on VLEbooks. Logins for members only from [email protected]
942 _n0
999 _c110434
_d110434